<?xml version="1.0" encoding="UTF-8"?>
<record
    xmlns:xsi="http://www.w3.org/2001/XMLSchema-instance"
    xsi:schemaLocation="http://www.loc.gov/MARC21/slim http://www.loc.gov/standards/marcxml/schema/MARC21slim.xsd"
    xmlns="http://www.loc.gov/MARC21/slim">

  <leader>01062nam a2200265 i 4500</leader>
  <controlfield tag="001">180904</controlfield>
  <controlfield tag="003">ES-MaACL</controlfield>
  <controlfield tag="005">20250728192312.0</controlfield>
  <controlfield tag="008">120821s2010    sp aceo      |||| | spa d</controlfield>
  <datafield tag="080" ind1=" " ind2=" ">
    <subfield code="a">725.826(460.356 Ronda):791.862(091)</subfield>
  </datafield>
  <datafield tag="245" ind1="0" ind2="0">
    <subfield code="a">Plaza de toros de Ronda, 225 a&#xF1;os </subfield>
    <subfield code="b">: [exposici&#xF3;n] / </subfield>
    <subfield code="c">[comisario, Pedro Romero de Sol&#xED;s ; edici&#xF3;n de contenidos, Diego Carrasco].</subfield>
  </datafield>
  <datafield tag="250" ind1=" " ind2=" ">
    <subfield code="a">1&#xAA; ed.</subfield>
  </datafield>
  <datafield tag="260" ind1=" " ind2=" ">
    <subfield code="a">Ronda : </subfield>
    <subfield code="b">Real Maestranza de Caballer&#xED;a de Ronda, </subfield>
    <subfield code="c">2010.</subfield>
  </datafield>
  <datafield tag="300" ind1=" " ind2=" ">
    <subfield code="a">91 p. : </subfield>
    <subfield code="b">il. col. y n., fot. ; </subfield>
    <subfield code="c">22 x 24 cm.</subfield>
  </datafield>
  <datafield tag="610" ind1="2" ind2="7">
    <subfield code="a">Maestranza de Ronda.</subfield>
    <subfield code="9">151334</subfield>
  </datafield>
  <datafield tag="651" ind1=" " ind2="7">
    <subfield code="a">Ronda-</subfield>
    <subfield code="x">Edificios, estructuras, etc.</subfield>
    <subfield code="9">149768</subfield>
  </datafield>
  <datafield tag="700" ind1="1" ind2=" ">
    <subfield code="a">Romero de Sol&#xED;s, Pedro.</subfield>
    <subfield code="9">99375</subfield>
  </datafield>
  <datafield tag="700" ind1="1" ind2=" ">
    <subfield code="a">Carrasco, Diego, </subfield>
    <subfield code="d">1954-</subfield>
    <subfield code="9">151335</subfield>
  </datafield>
  <datafield tag="710" ind1="2" ind2=" ">
    <subfield code="a">Real Maestranza de Caballer&#xED;a de Ronda.</subfield>
    <subfield code="9">6365</subfield>
  </datafield>
  <datafield tag="852" ind1=" " ind2=" ">
    <subfield code="a">ES-MaACL</subfield>
    <subfield code="j">A-12187</subfield>
    <subfield code="9">187783</subfield>
    <subfield code="b">R.147095</subfield>
    <subfield code="c">DEPO1</subfield>
    <subfield code="d">Olim: N-5192</subfield>
    <subfield code="x">Donacion:R.A.E</subfield>
  </datafield>
  <datafield tag="914" ind1=" " ind2=" ">
    <subfield code="9">6336</subfield>
    <subfield code="a">Real Academia Espa&#xF1;ola</subfield>
    <subfield code="e">dnr</subfield>
  </datafield>
  <datafield tag="942" ind1=" " ind2=" ">
    <subfield code="2">udc</subfield>
    <subfield code="c">MONOGRAFIA</subfield>
  </datafield>
  <datafield tag="999" ind1=" " ind2=" ">
    <subfield code="c">180904</subfield>
    <subfield code="d">180904</subfield>
  </datafield>
  <datafield tag="952" ind1=" " ind2=" ">
    <subfield code="0">0</subfield>
    <subfield code="1">0</subfield>
    <subfield code="2">udc</subfield>
    <subfield code="4">0</subfield>
    <subfield code="7">0</subfield>
    <subfield code="a">ATENEOM</subfield>
    <subfield code="b">ATENEOM</subfield>
    <subfield code="c">DEPO1</subfield>
    <subfield code="d">2012-08-21</subfield>
    <subfield code="e">DONACION</subfield>
    <subfield code="l">0</subfield>
    <subfield code="o">A-12187</subfield>
    <subfield code="p">1190101</subfield>
    <subfield code="r">2023-02-23 00:00:00</subfield>
    <subfield code="w">2023-02-23</subfield>
    <subfield code="y">MONOGRAFIA</subfield>
  </datafield>
</record>
